01001nas a2200361 4500000000100000000000100001008004100002260001500043653001400058653000900072653003400081653002300115653002000138100002700158700002000185700001600205700001800221700001800239700002000257700002300277700001700300700001800317700002300335700002000358700002200378700001800400700002200418245007900440856007100519300001700590490000700607022002500614 2024 d c2024-11-0710aastrocyte10aglia10ainduced pluripotent stem cell10amultiple sclerosis10aoligodendrocyte1 aBenjamin L. L. Clayton1 aLilianne Barbar1 aMaria Sapar1 aKriti Kalpana1 aChandrika Rao1 aBianca Migliori1 aTomasz Rusielewicz1 aDaniel Paull1 aKatie Brenner1 aDorota Moroziewicz1 aIlana Katz Sand1 aPatrizia Casaccia1 aPaul J. Tesar1 aValentina Fossati00aPatient iPSC models reveal glia-intrinsic phenotypes in multiple sclerosis uhttps://www.cell.com/cell-stem-cell/abstract/S1934-5909(24)00288-1 a1701-1713.e80 v31 a1934-5909, 1875-9777